|
|
|
|
| LEADER |
00000nam a2200000 a 4500 |
| 001 |
vtls001364298 |
| 003 |
SK-MaSNL |
| 005 |
20260331203808.0 |
| 008 |
130606s1999 xo 0 cze |
| 015 |
|
|
|a SNBJ1999/03-01500
|
| 035 |
|
|
|a SNK000317936
|
| 040 |
|
|
|a SNK
|b slo
|c SNK
|e AACR2
|
| 044 |
|
|
|a xo
|c SK
|
| 080 |
|
|
|a 784.66:785.1(086.7)
|2 1981
|
| 100 |
1 |
|
|a Merta, Vladimír
|4 skl
|4 tex
|4 uci
|9 347307
|
| 245 |
1 |
|
|a Obrázky v kartách
|h zvukový dokument
|c Vladimír Merta
|
| 260 |
|
|
|a Bratislava
|b Bonton Music Slovakia
|c 1999
|
| 300 |
|
|
|a 1 kompaktná platňa (71 min. 56 sek.)
|b stereo
|
| 500 |
|
|
|a Fotograf Martin Marenčín
|
| 505 |
0 |
|
|a Obsahuje 14 piesní
|
| 511 |
|
|
|a Účinkuje Vladimír Merta, Ján Hrubý, Olin Nejezchleba
|
| 650 |
0 |
7 |
|a populárna hudba
|x platne kompaktné
|2 SNK
|9 283660
|
| 655 |
|
7 |
|a kompaktné platne
|2 SNK
|9 70690
|
| 700 |
1 |
|
|a Hrubý, Ján
|4 uci
|9 290213
|
| 700 |
1 |
|
|a Nejezchleba, Olin
|4 uci
|9 757152
|
| 700 |
1 |
|
|a Marenčin, Martin,
|d 1956-
|4 fot
|9 90522
|
| 999 |
|
|
|c 1195285
|d 1197215
|
| 952 |
|
|
|t P60, <03>, [BOOK], {603}
|a SNK
|b SNK
|y PREZ
|7 0
|p 17A0194618
|o snkSCD 871
|i snkJK 253/99
|0 0
|1 0
|4 0
|d 1999-05-27
|l 0
|r 2005-01-02 00:00:00
|w 2026-02-24
|